[Event "Tatarstan-ch op"]
[Site "Kazan"]
[Date "2012.09.08"]
[Round "6"]
[White "Lebedev, Yury"]
[Black "Khairullin, Adel"]
[Result "1-0"]
[WhiteElo "1647"]
[BlackElo "2027"]
[PlyCount "69"]
[EventDate "2012.09.03"]
[EventType "swiss"]
[EventRounds "9"]
[EventCountry "RUS"]
[SourceTitle "CBM 150 Extra"]
[Source "ChessBase"]
[SourceDate "2012.10.19"]
[SourceVersion "1"]
[SourceVersionDate "2012.10.19"]
[SourceQuality "1"]

1. d4 d5 2. c4 e6 3. Nf3 c6 4. Qc2 Nf6 5. g3 Ne4 6. Bg2 Bd6 7. 0-0 0-0 8. Nfd2 f5 9. b3 Nd7 10. Ba3 Bxa3 11. Nxa3 h5 12. f3 Nxd2 13. Qxd2 b6 14. e4 Ba6 15. Rac1 Nf6 16. exf5 exf5 17. Rfe1 Qd7 18. Qf4 Rfe8 19. Re5 g6 20. Qh6 Kf7 21. Qf4 Rad8 22. c5 Rc8 23. b4 b5 24. Nc2 Qc7 25. Bf1 Bb7 26. Rce1 Qb8 27. Bd3 Rcd8 28. Ne3 Nd7 29. Nxf5 Nxe5 30. Nd6+ Kg7 31. dxe5 Rf8 32. Qg5 Qc7 33. Qxg6+ Kh8 34. e6 Qe7 35. Re5 1-0

[Event "Tatarstan-ch op"]
[Site "Kazan"]
[Date "2012.09.07"]
[Round "5"]
[White "Khairullin, Adel"]
[Black "Galiev, Azat"]
[Result "0-1"]
[WhiteElo "2027"]
[BlackElo "2294"]
[PlyCount "76"]
[EventDate "2012.09.03"]
[EventType "swiss"]
[EventRounds "9"]
[EventCountry "RUS"]
[SourceTitle "CBM 150 Extra"]
[Source "ChessBase"]
[SourceDate "2012.10.19"]
[SourceVersion "1"]
[SourceVersionDate "2012.10.19"]
[SourceQuality "1"]

1. e4 e5 2. Nf3 Nc6 3. Bc4 Bc5 4. d3 Nf6 5. 0-0 d6 6. c3 Bg4 7. Nbd2 0-0 8. Re1 Na5 9. Bb5 a6 10. Ba4 b5 11. Bc2 Bb6 12. h3 Bh5 13. Nf1 Qd7 14. Bg5 Ne8 15. Ng3 Bg6 16. Nh4 c5 17. Nhf5 f6 18. Be3 Bf7 19. d4 cxd4 20. cxd4 Qa7 21. d5 Bxe3 22. Nxe3 g6 23. Bd3 Ng7 24. b4 Nb7 25. Qf3 Be8 26. Rec1 Qd4 27. Nc2 Qb6 28. a3 Bd7 29. Qe3 Qd8 30. Ne2 f5 31. f3 Nh5 32. Re1 Rf7 33. Rad1 fxe4 34. Bxe4 Qb8 35. Qb6 Nd8 36. Qxb8 Rxb8 37. Nc1 Ra8 38. Nd3 Kf8 0-1

[Event "Barcelona Sant Marti op-A 14th"]
[Site "Barcelona"]
[Date "2012.07.18"]
[Round "6"]
[White "Khairullin, Adel"]
[Black "Cardenas, Fernando Adrian"]
[Result "1-0"]
[WhiteElo "2004"]
[BlackElo "1916"]
[PlyCount "77"]
[EventDate "2012.07.13"]
[EventType "swiss"]
[EventRounds "9"]
[EventCountry "ESP"]
[SourceTitle "CBM 149 Extra"]
[Source "ChessBase"]
[SourceDate "2012.08.24"]
[SourceVersion "1"]
[SourceVersionDate "2012.08.24"]
[SourceQuality "1"]

1. e4 c5 2. Nc3 g6 3. g3 Bg7 4. Bg2 Nc6 5. d3 d6 6. Be3 Nf6 7. h3 Rb8 8. Qd2 Nd4 9. Nd1 b5 10. c3 Nc6 11. f4 Bd7 12. Ne2 b4 13. 0-0 a5 14. d4 bxc3 15. bxc3 cxd4 16. cxd4 0-0 17. Ndc3 Qc8 18. Kh2 Qa6 19. e5 Ne8 20. Ne4 a4 21. Rab1 Rxb1 22. Rxb1 Bf5 23. N2c3 Nc7 24. g4 dxe5 25. dxe5 Rd8 26. Qf2 Bxe4 27. Nxe4 Qd3 28. Rb2 Nd5 29. Bc1 Qd1 30. Qc2 Ndb4 31. Qxd1 Rxd1 32. Bd2 a3 33. Rb3 g5 34. Bxb4 gxf4 35. Bc3 Rd3 36. Nf2 Re3 37. Bxc6 Re2 38. Kg2 Rxa2 39. Bd5 1-0

[Event "Barcelona Sant Marti op-A 14th"]
[Site "Barcelona"]
[Date "2012.07.16"]
[Round "4"]
[White "Khairullin, Adel"]
[Black "Tomov, Georgi"]
[Result "0-1"]
[WhiteElo "2004"]
[BlackElo "2263"]
[PlyCount "54"]
[EventDate "2012.07.13"]
[EventType "swiss"]
[EventRounds "9"]
[EventCountry "ESP"]
[SourceTitle "CBM 149 Extra"]
[Source "ChessBase"]
[SourceDate "2012.08.24"]
[SourceVersion "1"]
[SourceVersionDate "2012.08.24"]
[SourceQuality "1"]

1. e4 e5 2. Nf3 Nc6 3. Bc4 Bc5 4. d3 Nf6 5. 0-0 d6 6. c3 Bb6 7. Nbd2 0-0 8. Re1 Ng4 9. Re2 Kh8 10. h3 Nh6 11. Nf1 f5 12. exf5 Nxf5 13. Rc2 Qf6 14. Qe1 h6 15. N1h2 Nce7 16. Ng4 Qg6 17. Kh1 Qh5 18. Ngh2 Ng6 19. d4 Ngh4 20. dxe5 Qg6 21. Qf1 Nxf3 22. Nxf3 Ng3+ 23. fxg3 Qxc2 24. exd6 cxd6 25. Bf4 Qxb2 26. Bxd6 Rxf3 27. gxf3 Bxh3 0-1

[Event "Barcelona Sant Marti op-A 14th"]
[Site "Barcelona"]
[Date "2012.07.13"]
[Round "1"]
[White "Pulvett Marin, Daniel Eduardo"]
[Black "Khairullin, Adel"]
[Result "0-1"]
[WhiteElo "2383"]
[BlackElo "2004"]
[PlyCount "54"]
[EventDate "2012.07.13"]
[EventType "swiss"]
[EventRounds "9"]
[EventCountry "ESP"]
[SourceTitle "CBM 149 Extra"]
[Source "ChessBase"]
[SourceDate "2012.08.24"]
[SourceVersion "1"]
[SourceVersionDate "2012.08.24"]
[SourceQuality "1"]

1. e4 c5 2. Nf3 e6 3. d4 cxd4 4. Nxd4 a6 5. Bd3 Qc7 6. 0-0 Nf6 7. Qe2 d6 8. c4 Nbd7 9. f4 Be7 10. Nc3 b6 11. Kh1 Bb7 12. Bd2 0-0 13. Rae1 Rfd8 14. Rf3 Nf8 15. Rh3 Rac8 16. b4 d5 17. cxd5 Bxb4 18. e5 Bxc3 19. exf6 Bxd4 20. Bxh7+ Nxh7 21. Qh5 Bxf6 22. Bc3 Bxc3 23. Qxh7+ Kf8 24. dxe6 Bxe1 25. e7+ Kxe7 26. Re3+ Kf6 27. Re5 Qc2 0-1

[Event "Privolzhskogo FO-ch"]
[Site "Kazan"]
[Date "2012.03.03"]
[Round "6"]
[White "Zaynutdinov, Iskander"]
[Black "Khairullin, Adel"]
[Result "1/2-1/2"]
[WhiteElo "1994"]
[BlackElo "1998"]
[PlyCount "81"]
[EventDate "2012.02.26"]
[EventType "swiss"]
[EventRounds "9"]
[EventCountry "RUS"]
[SourceTitle "CBM 147 Extra"]
[Source "ChessBase"]
[SourceDate "2012.04.24"]
[SourceVersion "1"]
[SourceVersionDate "2012.04.24"]
[SourceQuality "1"]

1. d4 d5 2. c4 e6 3. Nc3 c6 4. Nf3 Nf6 5. Bg5 Be7 6. e3 Nbd7 7. cxd5 exd5 8. Qc2 0-0 9. Bd3 Re8 10. 0-0 Nf8 11. Ne5 Ng4 12. Bxe7 Qxe7 13. Nxg4 Bxg4 14. Bf5 Bxf5 15. Qxf5 Qd7 16. Qxd7 Nxd7 17. Na4 f5 18. b4 Kf7 19. Nc5 Nxc5 20. bxc5 Re7 21. h4 Kf6 22. Rab1 Rc8 23. Rb3 Rcc7 24. f4 h6 25. h5 Kf7 26. Kf2 Kf6 27. Kg1 g5 28. hxg6 Kxg6 29. Kf2 h5 30. g3 Rh7 31. Rh1 Rce7 32. Ra3 a6 33. Rb3 Reg7 34. Kf3 Kf6 35. Rb2 Kg6 36. Rb3 Re7 37. Rb2 Re4 38. Kf2 Ree7 39. Kf3 Rd7 40. Rh4 Rde7 41. Rh1 1/2-1/2

[Event "Samara Polugaevsky Memorial 1st"]
[Site "Samara"]
[Date "2011.07.11"]
[Round "7"]
[White "Kondenko, Alexey"]
[Black "Khairullin, Adel"]
[Result "0-1"]
[WhiteElo "2237"]
[BlackElo "1950"]
[PlyCount "102"]
[EventDate "2011.07.05"]
[EventType "swiss"]
[EventRounds "9"]
[EventCountry "RUS"]
[SourceTitle "CBM 143 Extra"]
[Source "ChessBase"]
[SourceDate "2011.08.29"]
[SourceVersion "1"]
[SourceVersionDate "2011.08.29"]
[SourceQuality "1"]

1. Nf3 d5 2. c4 c6 3. Qc2 Nf6 4. g3 Bg4 5. Bg2 e6 6. 0-0 Bd6 7. b3 0-0 8. Bb2 Nbd7 9. h3 Bh5 10. d3 e5 11. Nbd2 Qe7 12. e4 dxe4 13. dxe4 Bc5 14. Rfe1 Rad8 15. Nf1 Bxf3 16. Bxf3 Rfe8 17. Ne3 g6 18. h4 Nf8 19. a3 a5 20. Bc3 b6 21. Qb2 Rd7 22. b4 axb4 23. axb4 Bd4 24. Ra6 Red8 25. Bxd4 exd4 26. Ng2 Rc7 27. Nf4 N6d7 28. Nd3 Ne6 29. e5 c5 30. b5 Rb8 31. Bd5 Ng7 32. Qd2 Re8 33. Re4 Kh8 34. Qf4 Ne6 35. Qh6 Ng7 36. g4 Ne6 37. f4 Ng7 38. Qg5 Qf8 39. f5 gxf5 40. gxf5 f6 41. exf6 Nxf6 42. Rxe8 Ngxe8 43. Bg2 Rg7 44. Qf4 Qg8 45. Qf1 Ng4 46. Nf4 Ne3 47. Qf3 Rg4 48. Ra2 Qxc4 49. Ra8 Rg8 50. Qe4 Qf1+ 51. Kh2 Ng4+ 0-1

[Event "Samara Polugaevsky Memorial 1st"]
[Site "Samara"]
[Date "2011.07.05"]
[Round "1"]
[White "Osipov, Andrey Viacheslavov"]
[Black "Khairullin, Adel"]
[Result "1-0"]
[WhiteElo "2321"]
[BlackElo "1950"]
[PlyCount "101"]
[EventDate "2011.07.05"]
[EventType "swiss"]
[EventRounds "9"]
[EventCountry "RUS"]
[SourceTitle "CBM 143 Extra"]
[Source "ChessBase"]
[SourceDate "2011.08.29"]
[SourceVersion "1"]
[SourceVersionDate "2011.08.29"]
[SourceQuality "1"]

1. d4 d5 2. c4 e6 3. Nf3 c6 4. g3 f5 5. Bg2 Nf6 6. 0-0 Bd6 7. b3 0-0 8. Ba3 Bxa3 9. Nxa3 Ne4 10. Nc2 Nd7 11. Nce1 Ndf6 12. Nd3 Bd7 13. Nfe5 Qe7 14. Qc1 Rfd8 15. c5 Ne8 16. f3 N4f6 17. g4 Bc8 18. Qg5 Qc7 19. Qh4 Qe7 20. g5 Nd7 21. f4 Nxe5 22. Nxe5 Bd7 23. Rf3 g6 24. Rh3 Qg7 25. Qf2 Nc7 26. Rh6 Be8 27. Rc1 Bf7 28. Qh4 Nb5 29. Rd1 Rac8 30. Rd3 Rc7 31. a4 Na3 32. Qe1 b5 33. cxb6 axb6 34. Qb4 Qf8 35. Qxb6 Rdc8 36. Rdh3 Be8 37. Qa5 Nc2 38. Qc3 Nb4 39. Qe1 Rg7 40. Rc3 Rgc7 41. h4 c5 42. h5 cxd4 43. Rxc7 Rxc7 44. hxg6 hxg6 45. Nxg6 Bxg6 46. Rxg6+ Rg7 47. Rxe6 Qc5 48. g6 Qf8 49. Qxb4 Qxb4 50. Re8+ Qf8 51. Bxd5+ 1-0

[Event "Nezhmetdinov Memorial 32nd"]
[Site "Kazan"]
[Date "2010.06.01"]
[Round "2"]
[White "Khairullin, Adel"]
[Black "Fedotov, Ivan"]
[Result "1/2-1/2"]
[WhiteElo "1916"]
[BlackElo "2078"]
[PlyCount "79"]
[EventDate "2010.05.31"]
[EventType "swiss"]
[EventRounds "9"]
[EventCountry "RUS"]
[SourceTitle "CBM 136 Extra"]
[Source "ChessBase"]
[SourceDate "2010.07.02"]
[SourceVersion "2"]
[SourceVersionDate "2010.07.15"]
[SourceQuality "1"]

1. e4 c6 2. d4 g6 3. Bd3 Bg7 4. c3 d6 5. Nf3 Bg4 6. Nbd2 Nd7 7. h3 Bxf3 8. Nxf3 Qc7 9. 0-0 Ngf6 10. Re1 e5 11. a4 0-0 12. Bc4 exd4 13. Nxd4 Rfe8 14. f3 Rad8 15. Be3 d5 16. exd5 Nb6 17. Bb3 Nbxd5 18. Bg5 Qg3 19. Bxf6 Nxf6 20. Rxe8+ Rxe8 21. Qd2 Nh5 22. Qf2 Qf4 23. Re1 Be5 24. g4 Nf6 25. Nc2 h5 26. Re2 Kg7 27. Ne1 Rd8 28. Qe3 Qg3+ 29. Rg2 Qxh3 30. Qxe5 Re8 31. Qc7 Rxe1+ 32. Kf2 Re2+ 33. Kxe2 Qxg2+ 34. Ke3 Nd5+ 35. Bxd5 cxd5 36. Qe5+ Kh6 37. Qf4+ Kg7 38. Qe5+ Kh7 39. gxh5 Qg1+ 40. Ke2 1/2-1/2

[Event "Nabereznye Chelny op 8th"]
[Site "Nabereznye Chelny"]
[Date "2010.01.26"]
[Round "8"]
[White "Vildanov, Rinat"]
[Black "Khairullin, Adel"]
[Result "0-1"]
[WhiteElo "1962"]
[BlackElo "1881"]
[PlyCount "66"]
[EventDate "2010.01.19"]
[EventType "swiss"]
[EventRounds "9"]
[EventCountry "RUS"]
[SourceTitle "CBM 134 Extra"]
[Source "ChessBase"]
[SourceDate "2010.03.03"]
[SourceVersion "1"]
[SourceVersionDate "2010.03.03"]
[SourceQuality "1"]

1. e4 c5 2. Nf3 e6 3. d4 cxd4 4. Nxd4 Nc6 5. Nc3 a6 6. Be3 Qc7 7. f4 d6 8. Be2 Nf6 9. 0-0 Be7 10. Bf3 0-0 11. Qe2 Rb8 12. Rad1 Nxd4 13. Bxd4 b5 14. e5 Nd7 15. Be4 g6 16. Bd3 Bb7 17. Rde1 Rbd8 18. Qg4 b4 19. Ne4 Bxe4 20. Rxe4 d5 21. Ree1 Bc5 22. Bxc5 Nxc5 23. Qe2 Qa5 24. Ra1 Rc8 25. a3 bxa3 26. Rxa3 Qb6 27. Qf2 Qxb2 28. Ra5 Qc3 29. Rfa1 Nxd3 30. cxd3 Qxd3 31. Rxa6 Rc2 32. Qf1 Qe3+ 33. Kh1 Rf2 0-1

[Event "Tatarstan-ch op"]
[Site "Kazan"]
[Date "2009.08.26"]
[Round "7"]
[White "Khairullin, Adel"]
[Black "Abdullin, Renat"]
[Result "1/2-1/2"]
[WhiteElo "1868"]
[BlackElo "2164"]
[PlyCount "43"]
[EventDate "2009.08.20"]
[EventType "swiss"]
[EventRounds "9"]
[EventCountry "RUS"]
[SourceTitle "EXT 2010"]
[Source "ChessBase"]
[SourceDate "2010.11.25"]
[SourceVersion "1"]
[SourceVersionDate "2010.11.25"]
[SourceQuality "1"]

1. d4 Nf6 2. Bg5 d5 3. e3 e6 4. Bd3 Be7 5. f4 0-0 6. Nf3 b6 7. 0-0 Ba6 8. Bxa6 Nxa6 9. Bxf6 Bxf6 10. Nbd2 c5 11. c3 b5 12. Qe2 cxd4 13. cxd4 Qd6 14. Nb3 Nc7 15. Rac1 Rac8 16. Nc5 a6 17. Rc2 Na8 18. Rfc1 Rc6 19. Ne5 Bxe5 20. fxe5 Qe7 21. Nd3 Rxc2 22. Rxc2 1/2-1/2

[Event "Tatarstan-ch op"]
[Site "Kazan"]
[Date "2009.08.22"]
[Round "3"]
[White "Mullin, Zufar"]
[Black "Khairullin, Adel"]
[Result "1/2-1/2"]
[WhiteElo "2016"]
[BlackElo "1868"]
[PlyCount "157"]
[EventDate "2009.08.20"]
[EventType "swiss"]
[EventRounds "9"]
[EventCountry "RUS"]
[SourceTitle "EXT 2010"]
[Source "ChessBase"]
[SourceDate "2010.11.25"]
[SourceVersion "1"]
[SourceVersionDate "2010.11.25"]
[SourceQuality "1"]

1. d4 d5 2. c4 e6 3. Nc3 Nf6 4. e3 Nbd7 5. Nf3 c6 6. Bd3 Bd6 7. 0-0 0-0 8. e4 dxe4 9. Nxe4 Nxe4 10. Bxe4 h6 11. Bd2 Nf6 12. Bc2 Qc7 13. Re1 Rd8 14. Qe2 Bd7 15. Bc3 Nh7 16. Qd3 Nf8 17. Re4 f5 18. Re2 Be8 19. g3 Bh5 20. Rd2 Be7 21. Ne5 Bf6 22. Qe3 Bxe5 23. dxe5 Rxd2 24. Bxd2 c5 25. f3 Rd8 26. Bc3 b6 27. Kf2 Be8 28. a4 a5 29. h3 Bc6 30. g4 fxg4 31. hxg4 Qf7 32. Be4 Qb7 33. Bxc6 Qxc6 34. b3 Ng6 35. Kg3 Qb7 36. f4 Rf8 37. Rf1 Qe7 38. Rh1 Rxf4 39. Qe2 Qg5 40. Rh5 Qe7 41. Qd3 Qf7 42. Rh2 Rf1 43. Qe3 Nf8 44. Rd2 Ng6 45. Rd8+ Kh7 46. Rd2 Qe7 47. Rh2 Rd1 48. Bd2 Kg8 49. Qf3 Rg1+ 50. Kf2 Ra1 51. Qa8+ Qf8+ 52. Qxf8+ Kxf8 53. Bc3 Ra2+ 54. Kg3 Rxh2 55. Kxh2 Nf4 56. Bd2 Nd3 57. g5 hxg5 58. Bxg5 Nxe5 59. Bd8 Nd7 60. Kg3 Kf7 61. Kf4 e5+ 62. Kf5 g6+ 63. Kg5 Ke6 64. Kxg6 e4 65. Bg5 Ne5+ 66. Kh5 Kf5 67. Bd8 Nd7 68. Bg5 Ke5 69. Kg4 Nf8 70. Bd8 Nd7 71. Bg5 Nf6+ 72. Kg3 Kf5 73. Bxf6 Kxf6 74. Kf4 e3 75. Kxe3 Ke5 76. Ke2 Ke4 77. Kd2 Kd4 78. Kc2 Ke4 79. Kd2 1/2-1/2

[Event "Nezhmetdinov Memorial 31st"]
[Site "Kazan"]
[Date "2009.06.07"]
[Round "8"]
[White "Khairullin, Adel"]
[Black "Belskiy, Artem"]
[Result "1-0"]
[WhiteElo "1882"]
[BlackElo "1618"]
[PlyCount "87"]
[EventDate "2009.05.31"]
[EventType "swiss"]
[EventRounds "9"]
[EventCountry "RUS"]
[SourceTitle "CBM 130 Extra"]
[Source "ChessBase"]
[SourceDate "2009.07.02"]
[SourceVersion "2"]
[SourceVersionDate "2009.07.15"]
[SourceQuality "1"]

1. d4 Nf6 2. e3 e6 3. Bd3 b6 4. f4 Bb7 5. Nf3 c5 6. c3 Be7 7. 0-0 0-0 8. Qe1 d5 9. Nbd2 Nbd7 10. Ne5 Ne4 11. Qe2 f5 12. Ndf3 Ndf6 13. Bd2 Qe8 14. Be1 Qh5 15. Bh4 Bd6 16. Qe1 Bxe5 17. Nxe5 Ng4 18. Be2 g5 19. Bxg4 fxg4 20. Bxg5 Nxg5 21. fxg5 Qxg5 22. Qe2 h5 23. Nd7 Rf5 24. Rxf5 exf5 25. Ne5 Rf8 26. Rf1 cxd4 27. cxd4 h4 28. Rf4 Rc8 29. Rf1 Bc6 30. Rc1 Bb7 31. Rxc8+ Bxc8 32. Qf2 g3 33. Qf4 Qh5 34. Nf3 gxh2+ 35. Kxh2 Qg4 36. Qxg4+ fxg4 37. Nxh4 Kg7 38. Kg3 Kh6 39. Kf4 Be6 40. Ke5 Kh5 41. g3 Bg8 42. Nf5 Bh7 43. Ne7 Be4 44. Nxd5 1-0

[Event "RUS-chB U14"]
[Site "Dagomys"]
[Date "2009.04.17"]
[Round "3"]
[White "Yakovlev, Vladislav"]
[Black "Khairullin, Adel"]
[Result "1-0"]
[WhiteElo "1836"]
[BlackElo "1868"]
[PlyCount "37"]
[EventDate "2009.04.15"]
[EventType "swiss"]
[EventRounds "9"]
[EventCountry "RUS"]
[SourceTitle "EXT 2012"]
[Source "ChessBase"]
[SourceDate "2011.11.24"]
[SourceVersion "1"]
[SourceVersionDate "2011.11.24"]
[SourceQuality "1"]

1. d4 e6 2. Nf3 Nf6 3. c4 d5 4. Nc3 Nbd7 5. Bg5 c6 6. e3 Qa5 7. Bd3 Ne4 8. Bxe4 dxe4 9. Ne5 Bb4 10. Qb3 Nb8 11. c5 Bxc3+ 12. bxc3 0-0 13. Nc4 Qc7 14. Nd6 Nd7 15. Be7 b6 16. Bxf8 Kxf8 17. Nxe4 Ba6 18. cxb6 Nxb6 19. Qa3+ 1-0